[Event "C.to Regionale Sicilia"]
[Site "Erice ITA"]
[Date "2009.05.30"]
[Round "1"]
[White "Pascucci, Marco"]
[Black "Fontana, Giulio"]
[Result "1-0"]
[WhiteElo "2022"]
[BlackElo "1545"]
[PlyCount "77"]
[EventDate "2009.05.30"]

1. d4 d5 2. Nc3 Nf6 3. Bg5 e6 4. e4 dxe4 5. Nxe4 Be7 6. Bxf6 Bxf6 7. Nf3 Nc6 8.
c3 a6 9. Bd3 b6 10. Qe2 Bb7 11. h4 h6 12. O-O-O Qd5 13. Kb1 Na5 14. Rhe1 b5 15.
Nc5 Bc6 16. Be4 Qc4 17. Bxc6+ Nxc6 18. Qe4 O-O 19. Qxc6 Rfd8 20. Nd2 Qd5 21.
Qxd5 Rxd5 22. Nf3 Be7 23. Nd3 Rdd8 24. Nde5 Bf6 25. Re2 Rac8 26. Nd3 a5 27. g4
Be7 28. Re5 c6 29. g5 h5 30. g6 fxg6 31. Rxe6 Bf6 32. Nfe5 Bxh4 33. Nxg6 Kf7
34. Rde1 Bf6 35. Ne7 Bxe7 36. Rxe7+ Kg8 37. Rg1 g5 38. Re5 g4 39. f3 1-0

[Event "C.to Regionale Sicilia"]
[Site "Erice ITA"]
[Date "2009.05.30"]
[Round "1"]
[White "Piazza, Dario"]
[Black "Campo, Renato"]
[Result "0-1"]
[WhiteElo "1521"]
[BlackElo "2008"]
[PlyCount "108"]
[EventDate "2009.05.30"]

1. e4 g6 2. d4 Bg7 3. Nf3 c6 4. Be3 d5 5. e5 Nh6 6. c4 O-O 7. Nbd2 f6 8. Be2
Nd7 9. exf6 Nxf6 10. Ne5 Nf7 11. Ndf3 Ng4 12. Nxg4 Bxg4 13. O-O Bxf3 14. Bxf3
dxc4 15. Rc1 Qa5 16. Rxc4 Rad8 17. Ra4 Qb6 18. Qd2 Nd6 19. Rd1 Nf5 20. b3 e5
21. Rb4 Qc7 22. d5 Nd4 23. Bxd4 exd4 24. Rc4 Rxf3 25. gxf3 Rxd5 26. Re1 h6 27.
f4 b5 28. Rcc1 c5 29. Re4 c4 30. bxc4 bxc4 31. Rce1 Qd7 32. Re6 Kh7 33. Qc2 d3
34. Qd2 c3 35. Qe3 d2 36. Rf1 d1=Q 37. Re7 Q7g4+ 38. Qg3 c2 39. Ree1 c1=Q 40.
Rxd1 Qcxd1 41. Rxd1 Rxd1+ 42. Kg2 Qxg3+ 43. fxg3 Ra1 44. a4 Rxa4 45. Kf3 Rd4
46. g4 a5 47. h4 a4 48. h5 gxh5 49. gxh5 a3 50. f5 a2 51. f6 a1=Q 52. fxg7 Qc3+
53. Ke2 Rd2+ 54. Ke1 Qc1# 0-1

[Event "C.to Regionale Sicilia"]
[Site "Erice ITA"]
[Date "2009.05.30"]
[Round "1"]
[White "Savalla, Pietro"]
[Black "Montalto, Antonio"]
[Result "1/2-1/2"]
[WhiteElo "1434"]
[BlackElo "1811"]
[PlyCount "131"]
[EventDate "2009.05.30"]

1. e4 e5 2. Nf3 Nc6 3. Bc4 Bc5 4. d4 exd4 5. O-O d6 6. c3 Ne5 7. cxd4 Nxc4 8.
dxc5 Be6 9. b3 Qf6 10. Qd4 Ne5 11. Nxe5 Qxe5 12. Qxe5 dxe5 13. Bb2 f6 14. Nc3
O-O-O 15. Rfd1 Ne7 16. b4 a6 17. a3 Bb3 18. Rxd8+ Rxd8 19. Kf1 Rd2 20. Bc1 Rc2
21. Nd5 Nxd5 22. exd5 Bxd5 23. Be3 Kd7 24. Rd1 Kc6 25. Ra1 Bc4+ 26. Ke1 f5 27.
g3 h6 28. h4 Kb5 29. Bd2 Ka4 30. Rc1 Kb3 31. Kd1 Bd3 32. f3 e4 33. fxe4 Bxe4
34. Bf4 c6 35. Bd2 Kb2 36. Rxc2+ Bxc2+ 37. Ke2 Kxa3 38. Kf3 g5 39. Be1 Kb3 40.
Bd2 Kc4 41. Be1 Kb5 42. Bd2 a5 43. bxa5 Kxc5 44. hxg5 hxg5 45. Bxg5 Kc4 46. Bd2
c5 47. Ke3 Kb3 48. Be1 c4 49. Kd4 Bb1 50. Bd2 Bd3 51. Be1 Kc2 52. Bc3 Kd1 53.
Bb2 Ke2 54. Bc1 Kd1 55. Bb2 Kd2 56. Bc3+ Ke2 57. Bb4 Kf3 58. Bd6 Kg4 59. Bf4
Kh5 60. Bd6 Kg6 61. Be5 Kf7 62. Bf4 Ke6 63. Bc7 Kd7 64. Bb6 Kc6 65. Kc3 Kb5 66.
Bd8 1/2-1/2

[Event "C.to Regionale Sicilia"]
[Site "Erice ITA"]
[Date "2009.05.30"]
[Round "1"]
[White "Schinelli, Nicolo'"]
[Black "Melograni, Francesco"]
[Result "0-1"]
[WhiteElo "1377"]
[BlackElo "1730"]
[PlyCount "106"]
[EventDate "2009.05.30"]

1. e4 e5 2. Nf3 Nc6 3. Bc4 Bc5 4. O-O d6 5. d3 Bg4 6. h3 Bh5 7. Bg5 Nge7 8. Be3
Bb6 9. Nc3 O-O 10. Nd5 Kh8 11. Nxb6 axb6 12. g4 Bg6 13. Ng5 Na5 14. Bb5 c6 15.
Bc4 b5 16. Bb3 Nxb3 17. axb3 d5 18. Rxa8 Qxa8 19. Qa1 d4 20. Bd2 f6 21. Ne6 Re8
22. Qa5 Bf7 23. Nc5 Qxa5 24. Bxa5 Ra8 25. Bb4 b6 26. Nd7 Nc8 27. f4 exf4 28.
Rxf4 Ra7 29. Nb8 c5 30. Bd2 Kg8 31. Nc6 Rc7 32. Nb8 Be8 33. Rf5 Rb7 34. Bf4 Ne7
35. Bd6 Nxf5 36. exf5 Kf7 37. c4 Ra7 38. cxb5 Bxb5 39. Bc7 Rxc7 40. h4 Rb7 41.
g5 g6 42. gxf6 Kxf6 43. b4 Kxf5 44. bxc5 bxc5 45. h5 Re7 46. h6 Re2 47. Kf1
Rxb2 48. Ke1 Kg5 49. Nc6 Bxc6 50. Kd1 Kf4 51. Kc1 Rh2 52. Kd1 Ke3 53. Ke1 Rh1#
0-1

[Event "C.to Regionale Sicilia"]
[Site "Erice ITA"]
[Date "2009.05.30"]
[Round "1"]
[White "Tondo, Salvatore"]
[Black "Miles, Raymond"]
[Result "1-0"]
[WhiteElo "1905"]
[BlackElo "1434"]
[PlyCount "103"]
[EventDate "2009.05.30"]

1. e4 c5 2. Nf3 d6 3. Bb5+ Bd7 4. Bxd7+ Nxd7 5. d4 cxd4 6. Qxd4 Ngf6 7. c4 e6
8. Nc3 Be7 9. O-O O-O 10. b3 Rc8 11. h3 a6 12. Bg5 Re8 13. Rac1 Kh8 14. Rfd1
Kg8 15. Bh4 Rf8 16. Bg3 e5 17. Qe3 Nc5 18. Nxe5 Re8 19. Nd3 Ncd7 20. Nf4 Nb8
21. Nfd5 Nbd7 22. Nxe7+ Rxe7 23. Rxd6 Qe8 24. f3 Kf8 25. Rcd1 Ne5 26. Nd5 Rd7
27. Rxf6 Rc6 28. Rxc6 Nxc6 29. Qc5+ Kg8 30. Ne3 Rxd1+ 31. Nxd1 Qe7 32. Qxe7
Nxe7 33. Kf2 f5 34. Bd6 Kf7 35. Bxe7 Kxe7 36. exf5 Kf6 37. g4 Kg5 38. Ne3 Kf4
39. Nd5+ Ke5 40. Ke3 h6 41. f4+ Kd6 42. Kd4 a5 43. g5 h5 44. h4 Kd7 45. a3 Kc6
46. f6 gxf6 47. g6 f5 48. g7 a4 49. b4 b6 50. g8=Q b5 51. Qc8+ Kd6 52. c5# 1-0

[Event "C.to Regionale Sicilia"]
[Site "Erice ITA"]
[Date "2009.05.31"]
[Round "2"]
[White "Bertino, Giacomo"]
[Black "Di Via, Saverio"]
[Result "1-0"]
[WhiteElo "2027"]
[BlackElo "1740"]
[PlyCount "39"]
[EventDate "2009.05.30"]

1. e4 c6 2. Nf3 d5 3. Nc3 Bg4 4. h3 Bxf3 5. Qxf3 d4 6. Bc4 Nf6 7. e5 dxc3 8.
exf6 cxd2+ 9. Bxd2 exf6 10. Qb3 Qc7 11. O-O-O Bc5 12. Rhe1+ Kf8 13. Kb1 b5 14.
Bf4 Qb6 15. Bxf7 g5 16. Bh5 Qb7 17. Rd8+ Kg7 18. Rxh8 Kxh8 19. Re8+ Kg7 20.
Bxg5 1-0

[Event "C.to Regionale Sicilia"]
[Site "Erice ITA"]
[Date "2009.05.31"]
[Round "2"]
[White "Campo, Renato"]
[Black "Cerami, Giuseppe"]
[Result "1-0"]
[WhiteElo "2008"]
[BlackElo "1682"]
[PlyCount "47"]
[EventDate "2009.05.30"]

1. e4 e6 2. d4 d5 3. Nc3 Bb4 4. a3 Bxc3+ 5. bxc3 dxe4 6. f3 exf3 7. Nxf3 Nf6 8.
Bd3 Bd7 9. O-O Bc6 10. Ne5 Nbd7 11. Qe2 a6 12. Bg5 h6 13. Bh4 g5 14. Bg3 Rf8
15. c4 Rc8 16. d5 Bxd5 17. cxd5 Nxd5 18. Nxf7 Rxf7 19. Qxe6+ Qe7 20. Qxd5 Qc5+
21. Qxc5 Rxf1+ 22. Rxf1 Nxc5 23. Bg6+ Kd8 24. Rf8+ 1-0

[Event "C.to Regionale Sicilia"]
[Site "Erice ITA"]
[Date "2009.05.31"]
[Round "2"]
[White "Castelli, Giovanni J."]
[Black "Meo, Antonino"]
[Result "0-1"]
[WhiteElo "1671"]
[BlackElo "1434"]
[PlyCount "86"]
[EventDate "2009.05.30"]

1. e4 d6 2. d4 g6 3. Nc3 Bg7 4. f4 Nf6 5. Nf3 O-O 6. Be2 c5 7. d5 Nbd7 8. e5
dxe5 9. fxe5 Ng4 10. e6 fxe6 11. O-O Nb6 12. Ng5 Bd4+ 13. Kh1 Nf2+ 14. Rxf2
Rxf2 15. Nf3 Bxc3 16. bxc3 Qxd5 17. Qe1 Rxe2 18. Qxe2 Nc4 19. Bg5 b5 20. Bxe7
Bb7 21. Re1 Re8 22. Bh4 a6 23. Ng5 Ne3 24. Nf3 Nf5 25. Bf2 Ng7 26. Rd1 Qxa2 27.
Rd7 Bxf3 28. gxf3 Qa1+ 29. Be1 a5 30. Qe5 Nf5 31. Kg2 Qa4 32. Qe4 Qxc2+ 33.
Qxc2 Ne3+ 34. Kf2 Nxc2 35. Bd2 Ra8 36. Bh6 a4 37. Rg7+ Kh8 38. Re7 a3 39. Bg7+
Kg8 40. Bf6 a2 41. Rg7+ Kf8 42. Rxh7 a1=Q 43. Bg7+ Kg8 0-1

[Event "C.to Regionale Sicilia"]
[Site "Erice ITA"]
[Date "2009.05.31"]
[Round "2"]
[White "Ferrante, Marco"]
[Black "Tondo, Salvatore"]
[Result "1-0"]
[WhiteElo "2113"]
[BlackElo "1905"]
[PlyCount "86"]
[EventDate "2009.05.30"]

1. e4 c5 2. Nf3 Nc6 3. Bb5 g6 4. c3 Bg7 5. d4 cxd4 6. cxd4 a6 7. Bc4 e6 8. Nc3
d6 9. O-O Nge7 10. Re1 O-O 11. Bg5 b5 12. Bf1 h6 13. Be3 d5 14. e5 f5 15. exf6
Rxf6 16. Qd2 Nf5 17. Ne2 Nxe3 18. Qxe3 Bd7 19. Nc1 Qb6 20. Nd3 Rxf3 21. Qxf3
Bxd4 22. Qg3 Rf8 23. Qxg6+ Bg7 24. Rxe6 Bxe6 25. Qxe6+ Kh8 26. Rc1 Rf6 27. Qe8+
Kh7 28. g3 Qd8 29. Qe3 Qe7 30. Qxe7 Nxe7 31. Nf4 Rd6 32. Bd3+ Kg8 33. Rc7 Kf8
34. b3 Be5 35. Ng2 Rc6 36. Rxc6 Nxc6 37. a4 bxa4 38. bxa4 a5 39. Kf1 Nb4 40.
Ke2 d4 41. f4 Bg7 42. Ne1 Ke7 43. Nf3 Nd5 1-0

[Event "C.to Regionale Sicilia"]
[Site "Erice ITA"]
[Date "2009.05.31"]
[Round "2"]
[White "Fontana, Giulio"]
[Black "Mancuso, Fabrizio"]
[Result "1-0"]
[WhiteElo "1545"]
[BlackElo "1305"]
[PlyCount "41"]
[EventDate "2009.05.30"]

1. e4 e5 2. Nf3 Nc6 3. Bc4 Nf6 4. d3 Bc5 5. Nc3 O-O 6. Bg5 d6 7. Nd5 Bg4 8. h3
Bh5 9. g4 Bg6 10. h4 h6 11. Nxf6+ gxf6 12. Bxh6 Re8 13. h5 Bh7 14. g5 fxg5 15.
Nxg5 Qf6 16. Qf3 Qxh6 17. Bxf7+ Kh8 18. Bxe8 Rxe8 19. Nf7+ Kg7 20. Nxh6 Kxh6
21. Qf6+ 1-0

[Event "C.to Regionale Sicilia"]
[Site "Erice ITA"]
[Date "2009.05.31"]
[Round "2"]
[White "Giannilivigni, Marco"]
[Black "Savalla, Pietro"]
[Result "1/2-1/2"]
[WhiteElo "1431"]
[BlackElo "1434"]
[PlyCount "88"]
[EventDate "2009.05.30"]

1. c4 e5 2. Nc3 Nf6 3. Nf3 Nc6 4. d4 exd4 5. Nxd4 Nxd4 6. Qxd4 d6 7. b3 h6 8.
Bb2 Be7 9. e3 Be6 10. Rd1 c6 11. Be2 Qb6 12. O-O Qxd4 13. Rxd4 O-O 14. Ba3 Rad8
15. Rfd1 c5 16. R4d2 a6 17. b4 b6 18. b5 a5 19. e4 Rd7 20. f3 Rfd8 21. Bd3 Kf8
22. Bb2 Kg8 23. Nd5 Bxd5 24. exd5 Re8 25. Re1 Kf8 26. Rde2 Rdd8 27. g3 Rb8 28.
Kg2 Rbd8 29. g4 g5 30. Bf5 Rb8 31. h3 Bd8 32. Kf2 Rxe2+ 33. Rxe2 Be7 34. Kg3
Re8 35. Bxf6 Bxf6 36. Rxe8+ Kxe8 37. Kf2 Ke7 38. Ke3 Be5 39. Ke4 Kf6 40. Bd7
Bf4 41. Bf5 Be5 42. Bd7 Bg3 43. Bf5 Bf4 44. Bd7 Be5 1/2-1/2

[Event "C.to Regionale Sicilia"]
[Site "Erice ITA"]
[Date "2009.05.31"]
[Round "2"]
[White "Guarino, Giuseppe"]
[Black "Arini, Mario"]
[Result "0-1"]
[WhiteElo "1503"]
[BlackElo "1639"]
[PlyCount "86"]
[EventDate "2009.05.30"]

1. e4 c5 2. Nf3 a6 3. d4 cxd4 4. Nxd4 e5 5. Nf3 Nc6 6. Be2 Nf6 7. Nc3 Bb4 8.
Bg5 Bxc3+ 9. bxc3 d6 10. O-O h6 11. Bxf6 Qxf6 12. Qd2 O-O 13. Rab1 Rb8 14. Rb6
Qe7 15. Rfb1 Qc7 16. c4 Rd8 17. c3 Na5 18. Qd5 Nc6 19. Nh4 Be6 20. Qd2 Na5 21.
c5 dxc5 22. Qe3 Bxa2 23. Nf5 Be6 24. Qg3 Bxf5 25. exf5 Rd6 26. Rxd6 Qxd6 27.
Rd1 Qf6 28. Qd3 Nc6 29. Qd7 Qe7 30. Qxe7 Nxe7 31. g4 f6 32. Rd7 Kf8 33. Bc4 b5
34. Be6 a5 35. Ra7 a4 36. Kf1 c4 37. Ke1 Nc6 38. Rf7+ Ke8 39. Kd2 b4 40. cxb4
Rxb4 41. Rxg7 a3 42. Rg8+ Ke7 43. Ra8 43... Rb2+ {...} 0-1

[Event "C.to Regionale Sicilia"]
[Site "Erice ITA"]
[Date "2009.05.31"]
[Round "2"]
[White "Lo Piccolo, Antonino"]
[Black "Pascucci, Marco"]
[Result "0-1"]
[WhiteElo "1680"]
[BlackElo "2022"]
[PlyCount "40"]
[EventDate "2009.05.30"]

1. e4 e6 2. d4 d5 3. Nd2 Be7 4. e5 c5 5. c3 Nc6 6. Ne2 Nh6 7. Nf3 Nf5 8. Ng3
cxd4 9. Nxf5 exf5 10. cxd4 O-O 11. Be2 g5 12. h3 f6 13. exf6 Bxf6 14. a3 Re8
15. Qd2 Qe7 16. Kd1 Bd7 17. Re1 Qg7 18. Bb5 g4 19. Bxc6 Bxc6 20. hxg4 Ba4+ 0-1

[Event "C.to Regionale Sicilia"]
[Site "Erice ITA"]
[Date "2009.05.31"]
[Round "2"]
[White "Meli, Massimo"]
[Black "Bentivegna, Francesco"]
[Result "0-1"]
[WhiteElo "1908"]
[BlackElo "2326"]
[PlyCount "57"]
[EventDate "2009.05.30"]

1. e4 c5 2. Nf3 Nc6 3. Nc3 d6 4. d4 cxd4 5. Nxd4 e5 6. Nf3 Be6 7. Be2 Be7 8.
O-O Nf6 9. Ng5 O-O 10. f4 exf4 11. Kh1 Bc8 12. Nf3 Ne5 13. Bxf4 Ng6 14. Bg5 Ng4
15. Qd2 f6 16. Be3 Nxe3 17. Qxe3 Be6 18. Rad1 Ne5 19. Nd5 Nc6 20. Nh4 Re8 21.
Nxe7+ Qxe7 22. Qg3 Ne5 23. Nf5 Bxf5 24. exf5 Rac8 25. Bb5 Red8 26. Qb3+ Qf7 27.
Qa3 a6 28. Bd3 Kh8 29. c4 {...} 0-1

[Event "C.to Regionale Sicilia"]
[Site "Erice ITA"]
[Date "2009.05.31"]
[Round "2"]
[White "Melograni, Francesco"]
[Black "Gangemi, Salvatore"]
[Result "1-0"]
[WhiteElo "1730"]
[BlackElo "2100"]
[PlyCount "59"]
[EventDate "2009.05.30"]

1. e4 e6 2. d4 d5 3. Nc3 dxe4 4. Nxe4 Nd7 5. Nf3 Ngf6 6. Ng3 c5 7. Be3 Qc7 8.
c3 b6 9. Be2 Bb7 10. Qa4 Bc6 11. Bb5 Bxb5 12. Qxb5 a6 13. Qe2 Be7 14. O-O-O b5
15. dxc5 Bxc5 16. Nd4 O-O 17. Kb1 Nb6 18. Nh5 Nxh5 19. Qxh5 g6 20. Nxe6 fxe6
21. Qxc5 Nd5 22. Rxd5 Qf7 23. Rd6 Rfe8 24. Rhd1 a5 25. Qe5 Qf5+ 26. Qxf5 gxf5
27. Rd7 e5 28. Bh6 Ra6 29. R1d6 Re6 30. Rg7+ 1-0

[Event "C.to Regionale Sicilia"]
[Site "Erice ITA"]
[Date "2009.05.31"]
[Round "2"]
[White "Miles, Raymond"]
[Black "Ferrante, Filippo"]
[Result "0-1"]
[WhiteElo "1434"]
[BlackElo "1587"]
[PlyCount "86"]
[EventDate "2009.05.30"]

1. e4 e6 2. d4 d5 3. e5 c5 4. c3 Qb6 5. Nf3 Nc6 6. Bd3 Bd7 7. Bc2 cxd4 8. cxd4
Bb4+ 9. Nc3 f6 10. a3 Be7 11. O-O fxe5 12. dxe5 Qc7 13. Re1 b5 14. Nxb5 Qa5 15.
Nc3 Nb4 16. Ba4 Nc6 17. Bg5 d4 18. Bxe7 Ngxe7 19. Nxd4 Nxe5 20. Bxd7+ Nxd7 21.
Nxe6 Nf6 22. Nxg7+ Kf7 23. Ne6 Rhg8 24. b4 Qb6 25. Rc1 Qb7 26. g3 Nf5 27. Rc2
Nh4 28. f4 Nf3+ 29. Kf2 Nxe1 30. Qxe1 Rae8 31. f5 Ng4+ 32. Kf1 Nxh2+ 33. Kg1
Nf3+ 34. Kf1 Nxe1 35. Kxe1 Qh1+ 36. Kd2 Rxg3 37. Nd4 Rd8 38. Rc1 Rxd4+ 39. Kc2
Qg2+ 40. Kb1 Rd2 41. Ka1 Rxc3 42. Re1 Ra2+ 43. Kb1 Qb2# 0-1

[Event "C.to Regionale Sicilia"]
[Site "Erice ITA"]
[Date "2009.05.31"]
[Round "2"]
[White "Monaco, Alessandro"]
[Black "Dagnino, Marcello"]
[Result "1-0"]
[WhiteElo "1599"]
[BlackElo "1419"]
[PlyCount "107"]
[EventDate "2009.05.30"]

1. e4 c5 2. Nc3 Nc6 3. g3 e5 4. Bg2 Nf6 5. d3 Be7 6. f4 d6 7. f5 Bd7 8. Nf3 h6
9. Bd2 Qc7 10. O-O a6 11. Ne2 O-O-O 12. c4 Rdg8 13. a3 g5 14. b4 g4 15. Nh4 Ne8
16. b5 Nb8 17. bxa6 Nxa6 18. Nc3 Bc6 19. Rb1 Nf6 20. Rb2 Nd7 21. Nb5 Bxb5 22.
Rxb5 Nab8 23. Qb3 b6 24. Rb1 Bd8 25. a4 Qa7 26. f6 Nc6 27. Bc3 Bc7 28. Nf5 Kd8
29. Ne3 Nxf6 30. Nd5 Nxd5 31. cxd5 Nd4 32. Bxd4 exd4 33. a5 bxa5 34. Rb7 Qa6
35. e5 Re8 36. Rb8+ Ke7 37. Rb7 Kd8 38. Rb8+ Ke7 39. exd6+ Kxd6 40. Rb7 Rb8 41.
Be4 Rbf8 42. Bf5 Rb8 43. Qa4 Rhd8 44. Rxb8 Bxb8 45. Rxb8 Ke5 46. Rxd8 Kxf5 47.
Qd7+ Kg5 48. Qxf7 Qg6 49. Rg8 Qxg8 50. Qxg8+ Kf6 51. d6 a4 52. d7 Ke5 53. d8=Q
a3 54. Qgd5# 1-0

[Event "C.to Regionale Sicilia"]
[Site "Erice ITA"]
[Date "2009.05.31"]
[Round "2"]
[White "Montalto, Antonio"]
[Black "Gigante, Giovanni"]
[Result "1/2-1/2"]
[WhiteElo "1811"]
[BlackElo "1773"]
[PlyCount "66"]
[EventDate "2009.05.30"]

1. d4 d5 2. Nf3 Nf6 3. c4 e6 4. Nc3 c6 5. e3 Bb4 6. Bd2 c5 7. a3 cxd4 8. axb4
dxc3 9. bxc3 O-O 10. Be2 Re8 11. O-O b6 12. cxd5 Qxd5 13. Nd4 Bb7 14. Bf3 Qd7
15. Bxb7 Qxb7 16. f3 b5 17. Qe2 a6 18. Ra3 Nbd7 19. Rd1 Ne5 20. Be1 Nc4 21. Ra2
Nd5 22. Nc2 Qb6 23. Rd4 a5 24. bxa5 Rxa5 25. Rxa5 Qxa5 26. Qd3 Rc8 27. g3 g6
28. e4 Ne5 29. Qe2 Nxc3 30. Qe3 Qc7 31. Nb4 Na4 32. Nd3 Nc4 33. Qg5 Kg7 1/2-1/2

[Event "C.to Regionale Sicilia"]
[Site "Erice ITA"]
[Date "2009.05.31"]
[Round "2"]
[White "Napolitano, Giuseppe"]
[Black "Piazza, Dario"]
[Result "1/2-1/2"]
[WhiteElo "1335"]
[BlackElo "1521"]
[PlyCount "137"]
[EventDate "2009.05.30"]

1. e4 e5 2. Nf3 Nc6 3. Bb5 a6 4. Ba4 Bc5 5. c4 Nf6 6. Nc3 d6 7. O-O Bg4 8. h3
Bh5 9. Bxc6+ bxc6 10. d3 O-O 11. Na4 Bd4 12. Be3 Bxe3 13. fxe3 Nd7 14. Qe1 Nb6
15. Nxb6 cxb6 16. Qh4 Qxh4 17. Nxh4 Be2 18. Rfe1 Bxd3 19. Rad1 Bxe4 20. Rxd6
Rad8 21. Red1 Rxd6 22. Rxd6 f5 23. Nf3 Re8 24. Nd2 Bd3 25. Rxd3 b5 26. cxb5
cxb5 27. b4 g5 28. e4 f4 29. Rd6 Rc8 30. Nf3 Rc1+ 31. Kh2 g4 32. hxg4 Rc2 33.
Rxa6 Rc4 34. Nxe5 Rxb4 35. Rb6 Rxe4 36. Rxb5 Kg7 37. Nf3 Ra4 38. Rb2 Kf6 39. g3
Kg6 40. gxf4 Rxf4 41. Kg3 Ra4 42. Ne5+ Kg5 43. Rf2 Re4 44. Rf5+ Kh6 45. Nf7+
Kg6 46. Nd6 Re3+ 47. Rf3 Re6 48. Nc4 Kg5 49. a4 Re4 50. Nb2 Rxg4+ 51. Kf2 Rb4
52. Nd3 Rxa4 53. Rg3+ Kf6 54. Rf3+ Ke7 55. Nc5 Ra2+ 56. Kg3 Kd6 57. Ne4+ Ke5
58. Ng5 h5 59. Kh4 Rh2+ 60. Nh3 Ke4 61. Rf7 Rh1 62. Rh7 Kf3 63. Rg7 Rh2 64.
Rg3+ Ke4 65. Kxh5 Kf5 66. Rf3+ Ke4 67. Kg4 Rg2+ 68. Rg3 Rxg3+ 69. Kxg3 1/2-1/2

[Event "C.to Regionale Sicilia"]
[Site "Erice ITA"]
[Date "2009.05.31"]
[Round "2"]
[White "Pantano, Giuseppe"]
[Black "Schinelli, Nicolo'"]
[Result "1-0"]
[WhiteElo "1557"]
[BlackElo "1377"]
[PlyCount "101"]
[EventDate "2009.05.30"]

1. d4 f5 2. e3 Nf6 3. Bd3 d5 4. f4 e6 5. Nf3 Bd6 6. O-O O-O 7. Bd2 Nc6 8. c3
Ne4 9. Qe2 b6 10. Be1 Bb7 11. Nbd2 Nxd2 12. Qxd2 Be7 13. Ne5 Bd6 14. Qe2 Nxe5
15. fxe5 Be7 16. Qh5 g6 17. Qh3 Bc8 18. Qg3 Bh4 19. Qxh4 Qxh4 20. Bxh4 h6 21.
Bf6 Bd7 22. Rf2 a5 23. g4 fxg4 24. Bxg6 Bb5 25. Bh5 Bd3 26. Bxg4 Be4 27. Bxe6+
Kh7 28. Bf5+ Kg8 29. Bxe4 dxe4 30. Rf4 Kh7 31. Kf2 Rae8 32. Rg1 Rg8 33. Rfg4
Rxg4 34. Rxg4 h5 35. Rg7+ Kh6 36. Rxc7 Rg8 37. Rc6 Rf8 38. Rxb6 a4 39. b3 axb3
40. axb3 Rc8 41. c4 Rg8 42. d5 Ra8 43. d6 Ra2+ 44. Kg3 Ra1 45. d7 Rg1+ 46. Kf2
Rh1 47. d8=Q Rxh2+ 48. Kg1 Re2 49. Bh4+ Kg7 50. Qd7+ Kf8 51. Rb8# 1-0

[Event "C.to Regionale Sicilia"]
[Site "Erice ITA"]
[Date "2009.05.31"]
[Round "2"]
[White "Piazza, Francesco"]
[Black "Camarda, Giuseppe"]
[Result "0-1"]
[WhiteElo "1386"]
[BlackElo "1553"]
[PlyCount "98"]
[EventDate "2009.05.30"]

1. e4 c5 2. Nf3 d6 3. Nc3 Nf6 4. d4 cxd4 5. Qxd4 a6 6. e5 Nc6 7. Qd2 dxe5 8.
Qxd8+ Kxd8 9. Bg5 Nd7 10. g3 h6 11. Be3 e6 12. Bg2 Bb4 13. O-O Ke7 14. a3 Ba5
15. b4 Bc7 16. Nh4 Rd8 17. b5 Nd4 18. Rab1 axb5 19. Nxb5 Nxb5 20. Rxb5 Rxa3 21.
Bxb7 Bxb7 22. Rxb7 Rc3 23. Rd1 Rxc2 24. Nf3 f6 25. Ne1 Rc4 26. Rc1 Rxc1 27.
Bxc1 Bd6 28. Nd3 Rb8 29. Ra7 Rb1 30. Kg2 e4 31. Ba3 exd3 32. Bxd6+ Kxd6 33. Ra2
Rd1 34. Kf3 Ne5+ 35. Ke3 Ke7 36. f4 Nc6 37. Ra3 Nb4 38. Rb3 Nc2+ 39. Kf3 Nd4+
40. Kg4 Nxb3 41. h4 d2 42. h5 Rg1 43. f5 d1=Q+ 44. Kf4 Qd4+ 45. Kf3 Rf1+ 46.
Kg2 Qf2+ 47. Kh3 Qxf5+ 48. Kg2 Qf2+ 49. Kh3 Rg1 0-1

[Event "C.to Regionale Sicilia"]
[Site "Erice ITA"]
[Date "2009.05.31"]
[Round "2"]
[White "Salvaggio, Salvatore"]
[Black "Fiducioso, Marco"]
[Result "1-0"]
[WhiteElo "1760"]
[BlackElo "2124"]
[PlyCount "75"]
[EventDate "2009.05.30"]

1. d4 d5 2. c4 c6 3. Nc3 Nf6 4. Nf3 a6 5. cxd5 cxd5 6. e3 g6 7. Be2 Bg7 8. O-O
O-O 9. b3 Nc6 10. Bb2 Bf5 11. Bd3 Ne4 12. Bxe4 dxe4 13. Nd2 e5 14. d5 Nb4 15.
Ba3 Nxd5 16. Nxd5 Qxd5 17. Bxf8 Rxf8 18. Rc1 b5 19. Qe2 Qe6 20. Rc2 Bg4 21. Qe1
f5 22. Qc1 Rd8 23. Re1 Bf8 24. a3 Rd3 25. Qb2 Qd5 26. b4 Kg7 27. Rec1 Kh6 28.
Qa2 Qd7 29. h3 Bh5 30. Nb3 f4 31. exf4 exf4 32. Nc5 Bxc5 33. bxc5 f3 34. c6 Qc8
35. Rd2 fxg2 36. Rxd3 exd3 37. Qd2+ Kg7 38. Qxd3 1-0

[Event "C.to Regionale Sicilia"]
[Site "Erice ITA"]
[Date "2009.05.31"]
[Round "2"]
[White "Valguarnera, Girolamo"]
[Black "Messina, Damiano"]
[Result "1/2-1/2"]
[WhiteElo "2127"]
[BlackElo "2003"]
[PlyCount "86"]
[EventDate "2009.05.30"]

1. e4 c5 2. Nf3 e6 3. g3 Nc6 4. Bg2 d6 5. O-O Nf6 6. Nc3 a6 7. d4 cxd4 8. Nxd4
Qc7 9. Be3 Be7 10. a4 Ne5 11. Qe2 Bd7 12. Rad1 O-O 13. f4 Nc4 14. Bc1 Rac8 15.
Kh1 Rfe8 16. b3 e5 17. bxc4 exd4 18. Rxd4 Be6 19. Nd5 Bxd5 20. exd5 Qa5 21. Qd3
Qxa4 22. c5 Qb5 23. Qxb5 axb5 24. c6 bxc6 25. dxc6 d5 26. Bxd5 Nxd5 27. Rxd5
Rxc6 28. Re1 Kf8 29. Rxb5 Rxc2 30. Rbe5 Rcc8 31. Bb2 g6 32. f5 f6 33. Re6 Kf7
34. fxg6+ hxg6 35. h4 f5 36. R1e2 f4 37. R6e4 Bd6 38. gxf4 Rxe4 39. Rxe4 Rc2
40. Be5 Be7 41. Ra4 Bxh4 42. f5 gxf5 43. Rxh4 Ke6 1/2-1/2

[Event "C.to Regionale Sicilia"]
[Site "Erice ITA"]
[Date "2009.05.31"]
[Round "3"]
[White "Arini, Mario"]
[Black "Meli, Massimo"]
[Result "0-1"]
[WhiteElo "1639"]
[BlackElo "1908"]
[PlyCount "64"]
[EventDate "2009.05.30"]

1. Nf3 Nf6 2. g3 d5 3. d4 Bf5 4. Bg2 e6 5. O-O Bd6 6. c4 c6 7. c5 Bc7 8. b4
Nbd7 9. Nc3 Ne4 10. Nxe4 Bxe4 11. Qd2 Nf6 12. Ng5 Bxg2 13. Kxg2 h6 14. Nf3 O-O
15. h3 Ne4 16. Qd3 f5 17. Nd2 Rf6 18. Nxe4 fxe4 19. Qe3 Rg6 20. f4 Qf6 21. Qf2
a5 22. Bd2 axb4 23. Bxb4 Rf8 24. e3 Qe7 25. Rh1 e5 26. f5 exd4 27. exd4 Rxg3+
28. Qxg3 Bxg3 29. Kxg3 Qg5+ 30. Kh2 Rxf5 31. Rhg1 Rf2+ 32. Kh1 Qh4 0-1

[Event "C.to Regionale Sicilia"]
[Site "Erice ITA"]
[Date "2009.05.31"]
[Round "3"]
[White "Bentivegna, Francesco"]
[Black "Campo, Renato"]
[Result "1-0"]
[WhiteElo "2326"]
[BlackElo "2008"]
[PlyCount "65"]
[EventDate "2009.05.30"]

1. e4 e6 2. d3 d5 3. Nd2 c5 4. Ngf3 Nc6 5. g3 Bd6 6. Bg2 Nge7 7. O-O O-O 8. Nh4
b5 9. f4 f6 10. Kh1 Rb8 11. Ndf3 dxe4 12. dxe4 e5 13. f5 b4 14. g4 Ba6 15. g5
Bc7 16. Bd2 Nd4 17. Rg1 Ne2 18. Bf1 Nxg1 19. Bxa6 Nh3 20. Bc4+ Kh8 21. Qe1 Nf4
22. Qg3 Qe8 23. Rg1 g6 24. gxf6 Rxf6 25. Bxf4 exf4 26. Qg5 Qf8 27. e5 Rxf5 28.
Nxf5 Nxf5 29. Qxf4 Rc8 30. Re1 Qe7 31. Ng5 Kg7 32. Ne6+ Kh8 33. Qf2 {...} 1-0

[Event "C.to Regionale Sicilia"]
[Site "Erice ITA"]
[Date "2009.05.31"]
[Round "3"]
[White "Camarda, Giuseppe"]
[Black "Savalla, Pietro"]
[Result "0-1"]
[WhiteElo "1553"]
[BlackElo "1434"]
[PlyCount "98"]
[EventDate "2009.05.30"]

1. c4 e5 2. g3 Nf6 3. Bg2 d5 4. cxd5 Nxd5 5. Nc3 Nf6 6. d3 h6 7. a3 Bc5 8. e3
O-O 9. b4 Bb6 10. Nge2 Re8 11. O-O Qd7 12. Bb2 a6 13. Qc2 Nc6 14. Rad1 Qe6 15.
d4 exd4 16. exd4 Qf5 17. Qxf5 Bxf5 18. d5 Ne5 19. d6 c6 20. Na4 Ba7 21. Kh1 Bc2
22. Bxe5 Rxe5 23. Nac3 Bxd1 24. Rxd1 Rd8 25. f4 Re6 26. d7 Rxd7 27. Rxd7 Nxd7
28. Bh3 Re7 29. Kg2 f6 30. Kf3 Kf7 31. Ne4 Kf8 32. N4c3 Re3+ 33. Kg2 Nb6 34.
Bg4 Ke7 35. Bf3 f5 36. h4 Nc4 37. a4 Nd2 38. Bh5 g6 39. Bxg6 Ne4 40. Kh3 Nxc3
41. Nxc3 Rxc3 42. Bxf5 Bf2 43. Kg4 Rxg3+ 44. Kh5 Rf3 45. Kg4 Rg3+ 46. Kh5 Rb3
47. b5 cxb5 48. axb5 Rxb5 49. Kg4 Bxh4 0-1

[Event "C.to Regionale Sicilia"]
[Site "Erice ITA"]
[Date "2009.05.31"]
[Round "3"]
[White "Cerami, Giuseppe"]
[Black "Meo, Antonino"]
[Result "1-0"]
[WhiteElo "1682"]
[BlackElo "1434"]
[PlyCount "59"]
[EventDate "2009.05.30"]

1. b4 e5 2. Bb2 d6 3. e3 Nf6 4. c4 g6 5. Nf3 Bg7 6. Be2 O-O 7. d3 Nbd7 8. Nbd2
c5 9. a3 Re8 10. Ng5 b6 11. h4 b5 12. Nge4 bxc4 13. Nxd6 cxd3 14. Nxe8 dxe2 15.
Nxf6+ Bxf6 16. Qxe2 h5 17. g3 e4 18. Nxe4 Bxb2 19. Qxb2 Bb7 20. f3 Rb8 21. Rd1
Qe8 22. Qc2 f5 23. Qc4+ Kh8 24. Qc3+ Qe5 25. Rxd7 Qxc3+ 26. Nxc3 cxb4 27. axb4
Bxf3 28. O-O Bg4 29. Rxa7 Rxb4 30. Rb1 1-0